000 01258nam a2200253 i 4500
001 6359
003 ES-MaACL
005 20250618143136.0
007 t|
008 890926s1977 sp ||||1| spa d
020 _a84-400-3098-3
080 _a622.7(02)"16"
100 1 _aAlonso Barba, Alvaro.
_920260
245 1 0 _aArte de los metales
_b: en que se enseña el verdadero beneficio de los de oro, y plata por azogue : el modo de fundirlos todos, y como se han de refinar, y apartar unos de otros /
_ccompuesto por Alvaro Alonso Barba. Nuevamente ahora añadido con el Tratado de las antiguas minas de España / que escribio Alonso Carrillo y Laso.
260 _a[S.l. :
_bs.n.],
_c1977 (
_eBarcelona :
_fAleu)
300 _a[12], [8], 228 p. ;
_c28 cm.
500 _aReed. de la ed. facs. de Madrid (1932), que reproduce la ed. de 1770.
500 _aReprod. facs. de la port. de la ed. principe de 1640.
500 _aReed. patrocinada por Union Explosivos Rio Tinto para el bicentenario de la fundacion de la Escuela Tecnica Superior de Ingenieros de Minas.
650 _aMinerales-
_xPreparación.
_9176296
700 1 _aCarrillo Lasso, Alonso,
_d1582-1628
_935777
852 _aES-MaACL
_jL-13507
_bR.117043
_z. - rust.
999 _c6359
_d6359